Meistgehörte Songs auf Spotify 2024 - Statistiken

Allgemein
  • Dieses Quiz wurde 113 mal gespielt
  • Das Durchschnittsergebnis liegt bei 4 aus 10
Antwortstatistiken
Künstler Song % Korrekt
Sabrina Carpenter Espresso
96%
Billie Eilish Birds of a Feather
62%
Bruno Mars, Lady Gaga Die with a Smile
54%
Benson Boone Beautiful Things
52%
Hozier Too Sweet
33%
Teddy Swims Lose Control
29%
Djo End of Beginning
27%
Taylor Swift Cruel Summer
24%
Floyy Menor, Cris MJ Gata Only
12%
The Weeknd One of the Girls
3%
Keine übereinstimmenden Quizze gefunden
Verteilung der Resultate
Anzahl Personen mit jedem Resultat
Perzentil nach korrekt beantworteten Fragen
Ihre Resultats-Entwicklung
Sie haben dieses Quiz noch nicht gespielt